Central Library OPAC University of Rajshahi

We Barrymores / (Record no. 23585)

MARC details
000 -LEADER
fixed length control field 00823cam a22002651 4500
001 - CONTROL NUMBER
control field 23585
003 - CONTROL NUMBER IDENTIFIER
rucl marc code BD-RjUL
005 - DATE AND TIME OF LATEST TRANSACTION
control field 20211209000940.0
008 - FIXED-LENGTH DATA ELEMENTS--GENERAL INFORMATION
fixed length control field 140311s1951 nyuacj 001 0ceng d
035 ## - SYSTEM CONTROL NUMBER
System control number (BD-RjUL) 23650
System control number (OCoLC)594282
040 ## - CATALOGING SOURCE
Original cataloging agency DLC
Transcribing agency OU
Modifying agency OCoLC
-- DLC
-- BD-RjUL
Language of cataloging eng
041 ## - LANGUAGE CODE
Language code of text/sound track or separate title eng
082 ## - DEWEY DECIMAL CLASSIFICATION NUMBER
Classification number 927.92
Author mark and year BAW 1951
100 1# - MAIN ENTRY--PERSONAL NAME
Personal name Barrymore, Lionel,
Dates associated with a name 1878-1954.
9 (RLIN) 72600
245 10 - TITLE STATEMENT
Title We Barrymores /
Statement of responsibility, etc. by Lionel Barrymore, as told to Cameron Shipp.
260 ## - PUBLICATION, DISTRIBUTION, ETC. (IMPRINT)
Place of publication, distribution, etc. New York :
Name of publisher, distributor, etc. Appleton-Century-Crofts,
Date of publication, distribution, etc. 1951
300 ## - PHYSICAL DESCRIPTION
Pagination viii, 311 p. :
Illustrations illus., ports., geneal. table (on lining papers),
Size 21 cm.
504 ## - BIBLIOGRAPHY, ETC. NOTE
Bibliography, etc Includes Index
650 #0 - SUBJECT ADDED ENTRY--TOPICAL TERM
Topical term or geographic name as entry element Actors
Form subdivision Correspondence
9 (RLIN) 72601
700 1# - ADDED ENTRY--PERSONAL NAME
Personal name Shipp, Cameron.
942 ## - ADDED ENTRY ELEMENTS (KOHA)
Source of classification or shelving scheme Dewey Decimal Classification
Koha item type Books
Holdings
Lost status Source of classification or shelving scheme Damaged status Not for loan Collection code Permanent Location Current Location Shelving location Date acquired Source of acquisition Total Checkouts Full call number Date last seen Copy number Koha item type
  Dewey Decimal Classification   Added to bundle Non-fiction Central Library, University of Rajshahi Central Library, University of Rajshahi Reading Room 22/02/1958 U.S.i.S Dhaka Gift   927.92 BAW 1951 11/03/2014 C-1 Books